Nouvelle lettres à Françoise : ou la jeune fille d'après guerre /

Salvato in:
Dettagli Bibliografici
Autore principale: Prévost, Marcel (autor)
Natura: Libro
Lingua:francese
Pubblicazione: París, Francia : Flammarion, 1924, c1924
Soggetti:
Tags: Aggiungi Tag
Nessun Tag, puoi essere il primo ad aggiungerne!!

MARC

LEADER 00000nam^a2200000^a^4500
001 000359303
005 20250526000000.0
009 20260310115351.937
037 |a Acervo ITESO - Biblioteca 
041 |a FRA 
082 |a 843.  |b PRE 
100 |a Prévost, Marcel  |e (autor) 
245 1 0 |a Nouvelle lettres à Françoise :  |b ou la jeune fille d'après guerre /  |c M. Prévost. 
264 4 |a París, Francia :  |b Flammarion,  |c 1924, c1924 
300 |a 247 p. ;  |c 18.0 cm. 
336 |a texto  |b txt  |2 rdacontenido 
337 |a sin mediación  |b n  |2 rdamedio 
338 |a volumen  |b nc  |2 rdasoporte 
649 |a XX 
650 |a Novela Francesa 
650 |a Literatura Francesa -  |y Siglo XX 
910 |a Fondo General 
920 |a Impresos - Libros 
930 |a Libros Antiguos y Raros 
940 |a Literatura 
905 |a 108 
901 |a 0500252649  |b IT2  |c LRA  |i D63791  |u 20250526 
902 |a https://opac.biblio.iteso.mx/vufind/Record/000359303